| 000 | 00660nam a2200229Ia 4500 | ||
|---|---|---|---|
| 003 | OSt | ||
| 005 | 20241009125105.0 | ||
| 008 | 210716s2011 xx 000 0 und d | ||
| 020 | _a9788130917542 | ||
| 040 | _cAIMIT LIBRARY | ||
| 041 | _aeng | ||
| 082 |
_a382.1 _21 _bRILP |
||
| 100 |
_aRiley, Pippa. _9181959 |
||
| 245 |
_aBusiness environment / _cBy Pippa Riley. |
||
| 250 | _a1st ed. | ||
| 260 |
_aNew Delhi : _bViva Books , _c2011. |
||
| 300 |
_a361p. ; _bPB _c25 cm |
||
| 650 |
_aOrganisation and their objectives _9181960 |
||
| 650 |
_aConsumer protection _9181961 |
||
| 650 |
_aMarket supply and price _9181962 |
||
| 942 |
_2ddc _cBK _e1st _k382.1 RILP |
||
| 999 |
_c207727 _d207727 |
||